Socios Comerciales más Grandes - Chipre - Estadísticas

Estadísticas generales
  • Esta prueba ha sido intentada 43 veces
  • La puntuación promedio es 20 de 25
Estadísticas de respuestas
exportationes importationes país % Correcto
239 mil 1404 mil Grecia
100%
53,5 mil 136 mil Estados Unidos
98%
42,3 mil 268 mil China
95%
227 mil España
93%
437 mil Italia
93%
50,2 mil Egipto
90%
147 mil 427 mil Reino Unido
90%
42,2 mil 1076 mil Alemania
88%
311 mil Francia
88%
84,3 mil Rusia
88%
115 mil 258 mil Israel
83%
69,5 mil Rumania
83%
34,1 mil Argelia
80%
64,5 mil India
80%
232 mil Bélgica
75%
44,0 mil 69,3 mil Emiratos Árabes Unidos
75%
67,8 mil Japón
75%
40,0 mil Arabia Saudita
73%
243 mil Países Bajos
73%
40,0 mil Líbano
70%
145 mil Libia
68%
28,0 mil Suecia
68%
41,1 mil Suiza
68%
43,3 mil Chequia
43%
43,6 mil Eslovaquia
38%
No se encontraron pruebas coincidentes
Distribución de puntuación
Porcentaje de gente con cada puntuación
Porcentaje por número respondido
Historial de tus puntuaciones
No has intentado esta prueba.